000 00274nam a2200097Ia 4500
082 _a325.3 MEMM
245 0 _aThe colonizer and the colonized
100 _a MEMMI, Albert London, 2003 [3rd ed.]
_996474
942 _cBK
008 210817s9999 xx 000 0 und d
999 _c405394
_d405393